000 00807nam a22002417a 4500
003 OSt
005 20251010025739.0
008 251010b |||||||| |||| 00| 0 eng d
020 _a13 : 978-0-495-80874-9.
040 _aDWCL-Admin lib
_cOC
082 _24th ed.
_aCirc. 362.29 L674s 2011
100 _aLewis, Judith A.
245 _aSubstance abuse counseling/
_cJudith A. Lewis
260 _aBelmont, calif. :
_bBrooksl/cole Cengage Learning,
_cc2011
300 _axi, 290 p. : ill. ;
_c24 cm.
504 _aIncludes bibligrahical references & index.
650 _a1. Drug abuse counseling
650 _a2. Substance abuse-Patients-Counseling of
650 _a3. Substance abuse-Treatment
700 _aDana, Robert Q.
700 _aBelvins, Gregory A.
942 _2ddc
_cBK-CIRC
_e4th ed.
_kCirc.
_n0
999 _c4809
_d4809